ARRUPE JESUIT UNIVERSITY

CORONAVIRUS -STOP THE SPREAD - CLEAN,DISINFECT,COVER

The arc of awareness (Record no. 121299)

MARC details
000 -LEADER
fixed length control field 00465nam a22001457a 4500
008 - FIXED-LENGTH DATA ELEMENTS--GENERAL INFORMATION
fixed length control field 141121b xxu||||| |||| 00| 0 eng d
020 ## - INTERNATIONAL STANDARD BOOK NUMBER
International Standard Book Number 9761462602641
050 ## - LIBRARY OF CONGRESS CALL NUMBER
Classification number BF637.M992 2014
100 ## - MAIN ENTRY--PERSONAL NAME
Personal name Mutizwa, Joe
9 (RLIN) 12792
245 ## - TITLE STATEMENT
Title The arc of awareness
Remainder of title : broadening the gaze and widening the heart of leadership
Statement of responsibility, etc / Joe Mutizwa
260 ## - PUBLICATION, DISTRIBUTION, ETC. (IMPRINT)
Place of publication, distribution, etc South Africa
Name of publisher, distributor, etc Partridge
Date of publication, distribution, etc 2014
300 ## - PHYSICAL DESCRIPTION
Extent 223p. ;
Dimensions 24cm.
650 ## - SUBJECT ADDED ENTRY--TOPICAL TERM
Topical term or geographic name as entry element Leadership
9 (RLIN) 6573
942 ## - ADDED ENTRY ELEMENTS (KOHA)
Source of classification or shelving scheme Library of Congress Classification
Item type Monograph ( Printed materials)
Holdings
Withdrawn status Lost status Source of classification or shelving scheme Damaged status Not for loan Home library Current library Shelving location Date acquired Total Checkouts Full call number Barcode Date last seen Price effective from Koha item type
    Library of Congress Classification     ARRUPE LIBRARY ARRUPE LIBRARY Main Collection 21/11/2014   BF637.M992 2014 46500003620 12/09/2016 21/11/2014 Monograph ( Printed materials)

 

Arrupe Library. PO Box MP320 Mt Pleasant, Harare, Zimbabwe
263 242 745411|librarian@aju.ac.zw